Código civil

Saved in:
Bibliografiske detaljer
Format: Bog
Sprog:spansk
Udgivet: Madrid Boletín Oficial del Estado 1983
Udgivelse:16a. ed
Serier:Colección Textos Legales, 13
Fag:
Tags: Tilføj Tag
Ingen Tags, Vær først til at tagge denne postø!

MARC

LEADER 00000cam a2200000 a 4500
001 UCF1283
003 CL-VaPUC
008 120629e19830000SP |||||||||||||||||spa|d
020 |a 8434004933 
082 0 4 |a 346.46  |b COD  |2 21 
245 1 0 |a Código civil 
250 |a 16a. ed 
300 |a 785 p 
942 |c BK 
945 |d 20120629 00:00:00  |a cmena 
260 |a Madrid  |b Boletín Oficial del Estado  |c 1983 
650 0 |a Derecho civil español   |9 390729 
650 7 |a CODIGO CIVIL ESPAÑOL  |2 CL-VaPUC  |9 401251 
650 0 |a Bienes  |9 255749 
650 0 |a Contratos  |9 255153 
651 0 |a España  |9 254926 
583 |a last modification  |c 20120629 12:35:00  |k Rodrigo Vera 
490 0 |a Colección Textos Legales, 13 
999 |c 348158  |d 348156 
952 |0 0  |1 0  |4 0  |6 346_460000000000000_COD_1983  |7 0  |8 A  |9 450067  |a BIBDER  |b BIBDER  |d 2019-11-22  |i 4857569  |o 346.46 COD 1983  |p 4857569  |r 2023-01-25  |w 2019-11-22  |y BK  |k DER